| 000 | 00736nas a2200253 4500 | ||
|---|---|---|---|
| 001 | BR9505008 | ||
| 003 | BR-BrBNA | ||
| 005 | 20231205094150.0 | ||
| 007 | ta | ||
| 008 | 230509b bl.|||p| |||| 00| 00por d | ||
| 040 |
_aBR-BrBNA _bpor _cBiblioteca Nacional de Agricultura |
||
| 041 | _a(Pt) | ||
| 072 | _aF63 | ||
| 100 | 1 | _aMoreti, A.C. de C.C. | |
| 100 | 1 | _aSilva, R.M.B. da | |
| 100 | 1 | _aSilva, E.C.A. da | |
| 245 | 1 | _aGalactia striata cv Yarana e a acao das abelhas em sua polinizacao | |
| 650 | _aGalactia | ||
| 650 | _aAbelha | ||
| 650 | _aPolinizacao | ||
| 773 | 0 |
_tZootecnia (Brazil) _xISSN 0044-5320 _g(Jan-Mar 1993), v. 31(1) p. 23-28 _wBR9505008 |
|
| 909 |
_a202311 _bLúcia _c55 _dLúcia Elande |
||
| 942 |
_2AGRIS _n0 _cANA |
||
| 999 |
_c142483 _d142483 |
||